Štruktúra a vlastnosti rýchloreznej ocele pretavenej a odliatej vo vákuu

Gespeichert in:
Bibliographische Detailangaben
1. Verfasser: Bračík, Matej (Verfasst von)
Weitere Verfasser: Čaus, Alexander (Betreuung Doktorarbeit)
Format: Manuskript Buch
Sprache:Slowakisch
Veröffentlicht: 2019
Schlagworte:
Online-Zugang:http://is.stuba.sk/zp/portal_zp.pl?podrobnosti=132475
Tags: Tag hinzufügen
Keine Tags, Fügen Sie das erste Tag hinzu!

MARC

LEADER 00000ntm a22000003a 4500
001 stuzp56817
003 SK-STU
005 20190918135821.4
007 ta
008 150427s2015----xo-----f-mn---000-0-slo-d
035 |a biblio/136741  |2 CREPC2 
040 |a STU  |b slo 
041 0 |a slo 
044 |a xo 
100 1 |a Bračík, Matej  |u 063000  |k Z3  |4 aut  |9 100  |U MTF Materiálovotechnologická fakulta  |T MTF Ústav výrobných technológií  |X 6798  |U M3000  |Y 83  |7 A000006798 
242 0 1 |a Microstructure and properties of high-speed steel remelted and cast in vacuum  |y eng 
245 1 0 |a Štruktúra a vlastnosti rýchloreznej ocele pretavenej a odliatej vo vákuu 
260 |c 2019 
300 |a 116 s. 
650 4 |a rýchlorezné ocele  |2 slo 
650 4 |a vákuum  |2 slo 
650 4 |a presné odlievanie  |2 slo 
650 4 |a mikroštruktúra  |2 slo 
650 4 |a mechanické vlastnosti  |2 slo 
650 4 |a odlievané rezné nástroje  |2 slo 
650 4 |a high-speed steels  |2 eng 
650 4 |a vacuum  |2 eng 
650 4 |a investment casting  |2 eng 
650 4 |a microstructure  |2 eng 
650 4 |a mechanical properties  |2 eng 
650 4 |a cast cutting tools  |2 eng 
700 1 |a Čaus, Alexander  |u 063300  |k Z1  |4 ths  |U MTF Ústav výrobných technológií  |T MTF Katedra zlievarenstva a práškovej metalurgie  |X 4162  |U M3300  |Y 171  |7 A000004162 
856 4 |u http://is.stuba.sk/zp/portal_zp.pl?podrobnosti=132475 
996 |c M* DzP-656  |l MMSKP  |s P  |a 0  |w stuzp56817_0001